Ramokar Grantha (Record no. 1401257)

MARC details
000 -LEADER
fixed length control field 00673nam a2200277Ia 4500
008 - FIXED-LENGTH DATA ELEMENTS--GENERAL INFORMATION
fixed length control field 161027s9999||||xx |||||||||||||| ||und||
040 ## - CATALOGING SOURCE
Transcribing agency Hindi
082 ## - DEWEY DECIMAL CLASSIFICATION NUMBER
Classification number X.B
082 ## - DEWEY DECIMAL CLASSIFICATION NUMBER
Item number BORI-29443
100 ## - MAIN ENTRY--PERSONAL NAME
Personal name Shree Deshbhushanji Maharaj
245 ## - TITLE STATEMENT
Title Ramokar Grantha
260 ## - PUBLICATION, DISTRIBUTION, ETC. (IMPRINT)
Place of publication, distribution, etc Delhi
260 ## - PUBLICATION, DISTRIBUTION, ETC. (IMPRINT)
Name of publisher, distributor, etc Kashmirilalji Jain Johri
300 ## - PHYSICAL DESCRIPTION
Extent 12 + 522
300 ## - PHYSICAL DESCRIPTION
Dimensions C
300 ## - PHYSICAL DESCRIPTION
Accompanying material Hardbound
530 ## - ADDITIONAL PHYSICAL FORM AVAILABLE NOTE
Uniform Resource Identifier <a href="000094241.Pdf.">000094241.Pdf.</a>
563 ## - BINDING INFORMATION
Binding note Text
600 ## - SUBJECT ADDED ENTRY--PERSONAL NAME
Personal name Shree Deshbhushanji Maharaj
630 ## - SUBJECT ADDED ENTRY--UNIFORM TITLE
Uniform title Ramokar Grantha
650 ## - SUBJECT ADDED ENTRY--TOPICAL TERM
Topical term or geographic name as entry element Buddhism & Jainism
650 ## - SUBJECT ADDED ENTRY--TOPICAL TERM
Topical term or geographic name as entry element Jainism
700 ## - ADDED ENTRY--PERSONAL NAME
Personal name Shree Deshbhushanji Maharaj
730 ## - ADDED ENTRY--UNIFORM TITLE
Uniform title Ramokar Grantha
942 ## - ADDED ENTRY ELEMENTS (KOHA)
Koha item type Book
Holdings
Withdrawn status Lost status Damaged status Not for loan Home library Current library Date acquired Cost, normal purchase price Total Checkouts Full call number Barcode Date last seen Cost, replacement price Price effective from Koha item type
        Bhandarkar Oriental Research Institute, Pune Bhandarkar Oriental Research Institute, Pune 10/27/2016 25.00   BORI-29443 BORI-29443 10/27/2016 25.00 10/27/2016 Book